|
|
|
|
| LEADER |
00000nam0a2200000 4500 |
| 001 |
332514 |
| 005 |
20231102004450.0 |
| 035 |
|
|
|a (RuTPU)RU\TPU\book\358447
|
| 090 |
|
|
|a 332514
|
| 100 |
|
|
|a 20170524d2017 k y0rusy50 ca
|
| 101 |
0 |
|
|a rus
|
| 102 |
|
|
|a RU
|
| 105 |
|
|
|a a dm 001zy
|
| 200 |
1 |
|
|a Методика использования углекислого газа в различных агрегатных состояниях на подземных хранилищах газа
|e автореферат диссертации на соискание ученой степени кандидата технических наук
|e спец. 25.00.17
|f В. Г. Дорохин
|g Научно-исследовательский институт природных газов и газовых технологий (ВНИИГАЗ) ; науч. рук. С. А. Хан
|
| 210 |
|
|
|a Москва
|c [Б. и.]
|d 2017
|
| 215 |
|
|
|a 25 с.
|c ил.
|
| 300 |
|
|
|a Защита сост. 17.05.2017 г.
|
| 320 |
|
|
|a Библиогр.: с. 24-25 (8 назв.)
|
| 606 |
1 |
|
|a Газы
|x Хранение подземное
|2 stltpush
|3 (RuTPU)RU\TPU\subj\5349
|9 33450
|
| 610 |
1 |
|
|a буферный объем
|
| 610 |
1 |
|
|a захоронение
|
| 610 |
1 |
|
|a агрегатные состояния
|
| 610 |
1 |
|
|a частичное замещение
|
| 610 |
1 |
|
|a пласты-коллекторы
|
| 610 |
1 |
|
|a моделирование
|
| 610 |
1 |
|
|a неуглеводородные газы
|
| 610 |
1 |
|
|a авторефераты диссертаций
|
| 675 |
|
|
|a 622.691.2(04)
|v 4
|
| 686 |
|
|
|a 25.00.17
|2 oksvnk
|
| 700 |
|
1 |
|a Дорохин
|b В. Г.
|g Владимир Геннадьевич
|
| 702 |
|
1 |
|a Хан
|b С. А.
|g Сергей Александрович
|4 727
|
| 712 |
0 |
2 |
|a Научно-исследовательский институт природных газов и газовых технологий (ВНИИГАЗ)
|c (Москва)
|2 stltpush
|3 (RuTPU)RU\TPU\col\16396
|
| 801 |
|
1 |
|a RU
|b 63413507
|c 20170524
|
| 801 |
|
2 |
|a RU
|b 63413507
|c 20170606
|g RCR
|
| 942 |
|
|
|c BK
|